00361nam a2200157Ia 4500008004100000020001800041041000800059082001400067100002500081260001800106245002400124245003000148250000600178300000800184650001100192220805s9999 xx 000 0 und d a9781847325983 aeng a745.40904 aCatherine, Mcdermott bCarltonc2008 aContemporary Design bclassics of modern design a1 a424 aDesign